| 000 | 00838nam a22002297a 4500 | ||
|---|---|---|---|
| 001 | 44318 | ||
| 003 | BD-RjUL | ||
| 005 | 20211209053833.0 | ||
| 008 | 160716s1982 bg ||||| |||| 00| 0 ben d | ||
| 020 | _c: TK 24.00 | ||
| 035 | _a(BD-RjUL)44436 | ||
| 040 |
_aBD-RjUL _bben _cBD-RjUL |
||
| 041 | _aben | ||
| 082 |
_223 _a398.2 _bRAB 1982 |
||
| 100 |
_aরহমান, হাবিবুর _9127138 |
||
| 245 | 1 | 0 |
_aবাংলাদেশের লোকসংগীত ও ভৌগোলিক পরিবেশ / _cহাবিবুর রহমান |
| 260 |
_aঢাকা : _bবাংলা একাডেমী, _c১৯৮২ |
||
| 300 |
_a[১২], ১৯৬ পৃ. ; _c২১ সেমি. |
||
| 650 |
_aলোকসাহিত্য _9136032 |
||
| 650 |
_aFolk Literature _9136033 |
||
| 942 |
_2ddc _cBK _01 |
||
| 999 |
_c44318 _d44318 |
||